Представление документа в формате RUSMARC

ПолеНазваниеЗначение
  Тип записи a
  Библиографический уровень m
001 Контрольный номер 2885d1f4c9524f46a729eabc4abdbdc8
005 Дата корректировки 20140623160421.5
010 Индекс ISBN __
a ISBN 978-5-4383-0039-7
101 Язык документа 0_
a Язык текста rus
102 Страна публикации __
a Страна публикации RU
200 Заглавие и сведения об ответственности 1_
a Заглавие Организация и планирование деятельности предприятий сервиса
b Общее обозначение материала Текст
e Сведения, относящиеся к заглавию учеб. пособие
f Первые сведения об ответственности Т. А. Казакевич
210 Выходные данные 1_
a Место издания СПб.
c Издательство Интермедия
d Дата издания 2014
215 Физическое описание __
a Объем 185, [3] с.
610 Ключевые слова 0_
a Ключевые слова сервис
a Ключевые слова организация предприятий сервиса
a Ключевые слова планирование деятельности предприятий сервиса
a Ключевые слова технология создания сервисного предприятия
a Ключевые слова прогнозирование
a Ключевые слова стратегическое управление
a Ключевые слова качество услуги
686 Индексы других классификаций __
a Классификационный индекс 65.291
700 Автор _1
a Фамилия Казакевич
b Имя Т. А.
801 Источник записи _0
a Страна RU
b Организация РУК
c Дата составления 20140623
g Правила каталогизации PSBO
801 Источник записи _1
a Страна RU
b Организация РУК
c Дата составления 20140623
g Правила каталогизации PSBO
852 Данные о местонахождении __
i Авторский знак К 14
j Шифр хранения ББК 65.291
901 Тип документа __
t Тип документа m
937 Технологическая информация __
a Создатель записи (имя) Зоткина
938 Служебная информация __
a Название организации Владимирский филиал
952 Тип литературы __
c Вид литературы учебное пособие